<?xml version="1.0" encoding="UTF-8"?>
<collection xmlns="http://www.loc.gov/MARC21/slim">
 <record>
  <leader>01370nam a22002895a 4500</leader>
  <controlfield tag="001">EUN.eunm000837</controlfield>
  <controlfield tag="008">051115s2005####ag#a#####b####100#0#spa#d</controlfield>
  <controlfield tag="005">20250714131203.0</controlfield>
  <datafield tag="245" ind1="1" ind2="0">
   <subfield code="a">Problemáticas sociopolíticas y económicas del sudoeste bonaerense :</subfield>
   <subfield code="b">actas de las III Jornadas Interdisciplinarias del Sudoeste Bonaerense, 2 al 4 de septiembre de 2004, Bahía Blanca, Argentina /</subfield>
   <subfield code="c">Mabel N. Cernadas de Bulnes, María del Carmen Vaquero (editoras).</subfield>
  </datafield>
  <datafield tag="260" ind1=" " ind2=" ">
   <subfield code="a">Bahía Blanca :</subfield>
   <subfield code="b">EdiUNS,</subfield>
   <subfield code="c">2005.</subfield>
  </datafield>
  <datafield tag="300" ind1=" " ind2=" ">
   <subfield code="a">404 p. ;</subfield>
   <subfield code="c">23 cm.</subfield>
  </datafield>
  <datafield tag="500" ind1=" " ind2=" ">
   <subfield code="a">&quot;Universidad Nacional del Sur, Secretaría General de Comunicación y Cultura, Archivo de la Memoria de la Ciudad de Bahía Blanca&quot;.</subfield>
  </datafield>
  <datafield tag="504" ind1=" " ind2=" ">
   <subfield code="a">Incluye referencias bibliográficas.</subfield>
  </datafield>
  <datafield tag="020" ind1=" " ind2=" ">
   <subfield code="a">9871171161</subfield>
  </datafield>
  <datafield tag="111" ind1="2" ind2=" ">
   <subfield code="a">Jornadas Interdisciplinarias del Sudoeste Bonaerense</subfield>
   <subfield code="n">(3a. :</subfield>
   <subfield code="d">2004 :</subfield>
   <subfield code="c">Bahía Blanca, Argentina)</subfield>
  </datafield>
  <datafield tag="700" ind1="1" ind2=" ">
   <subfield code="a">Vaquero, María del Carmen.</subfield>
  </datafield>
  <datafield tag="700" ind1="1" ind2=" ">
   <subfield code="a">Cernadas, Mabel N.</subfield>
   <subfield code="q">(Mabel Nélida),</subfield>
   <subfield code="d">1947-</subfield>
  </datafield>
  <datafield tag="082" ind1="0" ind2="4">
   <subfield code="a">338.01</subfield>
   <subfield code="2">21</subfield>
  </datafield>
  <datafield tag="650" ind1=" " ind2="7">
   <subfield code="a">Historia.</subfield>
   <subfield code="2">unbist</subfield>
  </datafield>
  <datafield tag="650" ind1=" " ind2="7">
   <subfield code="a">Cultura.</subfield>
   <subfield code="2">unbist</subfield>
  </datafield>
  <datafield tag="650" ind1=" " ind2="7">
   <subfield code="a">Prensa.</subfield>
   <subfield code="2">unbist</subfield>
  </datafield>
  <datafield tag="650" ind1=" " ind2="7">
   <subfield code="a">Economía agraria.</subfield>
   <subfield code="2">unbist</subfield>
  </datafield>
  <datafield tag="650" ind1=" " ind2="7">
   <subfield code="a">Economía regional.</subfield>
   <subfield code="2">unbist</subfield>
  </datafield>
  <datafield tag="651" ind1=" " ind2="0">
   <subfield code="a">Bahía Blanca (Argentina)</subfield>
  </datafield>
  <datafield tag="653" ind1=" " ind2=" ">
   <subfield code="a">Política.</subfield>
  </datafield>
  <datafield tag="653" ind1=" " ind2=" ">
   <subfield code="a">Buenos Aires (Argentina : Provincia)</subfield>
  </datafield>
  <datafield tag="859" ind1=" " ind2=" ">
   <subfield code="a">AR-BaUNS</subfield>
   <subfield code="b">BIB. CENTRAL - Sector A</subfield>
   <subfield code="h">982.1063</subfield>
   <subfield code="i">J769-2</subfield>
   <subfield code="p">116245/005</subfield>
   <subfield code="v">v.2</subfield>
   <subfield code="3">v.2</subfield>
  </datafield>
 </record>
</collection>
